书目信息 |
| 题名: |
中学几何研究
|
|
| 作者: | 张奠宙 , 沈文选 主编 | |
| 分册: | ||
| 出版信息: | 北京 高等教育出版社 2018 |
|
| 页数: | 244页 | |
| 开本: | 23cm | |
| 丛书名: | 数学教育系列教材 | |
| 单 册: | ||
| 中图分类: | G633.632 | |
| 科图分类: | ||
| 主题词: | 几何--ji he--教学研究--高等学校--师范大学--教材 , 几何--ji he--教学法--中学 | |
| 电子资源: | ||
| ISBN: | 978-7-04-017762-6 | |
| 000 | 01220nam 2200313 45 | |
| 001 | 012001004907 | |
| 005 | 20121205152657.0 | |
| 010 | @a978-7-04-017762-6@dCNY25.30 | |
| 099 | @aCAL 012007008421 | |
| 100 | @a20061212d2006 ekmy0chiy0121 ea | |
| 101 | 0 | @achi |
| 102 | @aCN@b110000 | |
| 105 | @aa z 000yy | |
| 106 | @ar | |
| 200 | 1 | @a中学几何研究@Azhong xue ji he yan jiu@f张奠宙, 沈文选主编 |
| 210 | @a北京@c高等教育出版社@d2018 | |
| 215 | @a244页@c图@d23cm | |
| 225 | 2 | @a数学教育系列教材@Ashu xue jiao yu xi lie jiao cai |
| 300 | @a普通高等教育“十五”国家级规划教材 | |
| 330 | @a本书是“数学教育系列教材”(普通高等教育“十五”国家级规划教材)之一,是关于中学几何内容和教学理论与实践的概述,包括几何证明、度量与计算、初等几何变换、轨迹、几何作图、立体图形等内容。教材从内容上努力体现当代数学的核心观念,破除过度形式化的体系。 | |
| 410 | 0 | @12001@a数学教育系列教材 |
| 461 | 0 | @12001 @a数学教育系列教材 |
| 606 | 0 | @a几何@Aji he@x教学研究@x高等学校@x师范大学@j教材 |
| 606 | 0 | @a几何@Aji he@x教学法@x中学 |
| 690 | @aG633.632@v4 | |
| 701 | 0 | @a张奠宙@Azhang dian zhou@4主编 |
| 701 | 0 | @a沈文选@Ashen wen xuan@4主编 |
| 801 | 2 | @aCN@b江苏凤凰@c20191020 |
| 905 | @b1224246-9@dG633.632@e794@f4 | |
| 中学几何研究/张奠宙, 沈文选主编.-北京:高等教育出版社,2018 |
| 244页:图;23cm.-(数学教育系列教材) |
| 普通高等教育“十五”国家级规划教材 |
| ISBN 978-7-04-017762-6:CNY25.30 |
| 本书是“数学教育系列教材”(普通高等教育“十五”国家级规划教材)之一,是关于中学几何内容和教学理论与实践的概述,包括几何证明、度量与计算、初等几何变换、轨迹、几何作图、立体图形等内容。教材从内容上努力体现当代数学的核心观念,破除过度形式化的体系。 |
| ● |
| 相关链接 |
|
|
|
|
正题名:中学几何研究
索取号:G633.632/794
 
预约/预借
| 序号 | 登录号 | 条形码 | 馆藏地/架位号 | 状态 | 备注 |
| 1 | 1224246 | 212242465 | 第一样本阅览室/ [索取号:G633.632/794] | 在馆 | |
| 2 | 1224247 | 212242474 | 教育系资料室/ [索取号:G633.632/794] | 在馆 | |
| 3 | 1224248 | 212242483 | 教育系资料室/ [索取号:G633.632/794] | 在馆 | |
| 4 | 1224249 | 212242492 | 第四借阅区/ [索取号:G633.632/794] | 在馆 |